Metalwork from the Hellenized East : catalogue of the collections /

محفوظ في:

مؤلف مشترك: J. Paul Getty Museum.

مؤلفون آخرون: Pfrommer, Michael.

التنسيق: كتاب

اللغة: English

منشور في: Malibu, Calif. : J. Paul Getty Museum, 1993.

الموضوعات:

الوسوم: إضافة وسم

لا توجد وسوم, كن أول من يضع وسما على هذه التسجيلة!

رقم الطلب: ( F )NK6407.3 .P460 1993

LEADER 00925pam a2200277 a 4500
001 4396936
003 OSt
005 20240219110515.0
008 920902s1993 caua bc 001 0 eng
999 |c 56830  |d 56830 
010 |a  92034053  
020 |a 0892362189 
040 |c ARCE Library 
043 |a e-gr---  |a n-us-ca 
050 4 |a ( F )NK6407.3 .P460 1993 
110 2 |a J. Paul Getty Museum. 
245 1 0 |a Metalwork from the Hellenized East :   |b catalogue of the collections /   |c Michael Pfrommer. 
260 |a Malibu, Calif. :  |b J. Paul Getty Museum,  |c 1993. 
300 |a xii, 243 p. :   |b ill. (some col.) ;   |c 32 cm. 
504 |a Includes bibliographical references (p. [69]-100) and index. 
610 2 0 |a J. Paul Getty Museum  |x Catalogs. 
650 0 |a Art metal-work, Hellenistic  |x Catalogs. 
650 0 |a Art metal-work  |z California  |z Malibu  |x Catalogs. 
700 1 |a Pfrommer, Michael. 
901 |a reviewed 
942 |2 lcc  |c BK